17th or 18th Century Quiz Stats

 Plays Quiz Updated Sep 1, 2017

Score 0/30 Timer 05:00
3 Plays Today
Event 1(7)th or 1(8)th % Correct
William Shakespeare published 'Hamlet'???
94.4%
American Revolutionary War started???
88.2%
Galileo Galilei saw the moons of Jupiter???
88.2%
Boston Tea Party???
87.2%
New Amsterdam founded by the Dutch???
85.8%
George Washington became the US President???
85.3%
French Revolution began???
83.2%
King James Version of the Bible authorized???
80.9%
James Watt invented an improved steam engine???
80.6%
Oliver Cromwell died???
77.1%
'La Marseillaise' became French national anthem???
76.9%
Adam Smith published 'The Wealth of Nations'???
76.2%
St. Peter's Basilica in the Vatican City completed???
75.9%
Gunpowder Plot failed in England???
74.4%
Edo period began in Japan???
73.2%
Event 1(7)th or 1(8)th % Correct
First permanent European settlement in Australia???
73%
Cervantes published 'Don Quixote Part I'???
72.2%
Daniel Defoe published 'Robinson Crusoe'???
71.3%
Isaac Newton invented reflecting telescope???
68.9%
James Cook expedition to New Zealand???
65.9%
Dutch East India Company established???
65.8%
Descartes wrote 'Meditations on First Philosophy'???
65.5%
World's first copyright legislation???
63.8%
Taj Mahal completed???
59.7%
Evangelista Torricelli invented the barometer???
57.1%
New Orleans founded by the French???
49%
Saint Petersburg founded by Peter the Great???
45.4%
First shipment of coffee from Java to Amsterdam???
34.8%
John Campbell invented the sextant???
27.1%
Earliest human-powered submarine invented???
26.2%

You're not logged in!

Compare scores with friends on all Sporcle quizzes.
OR
Log In

Show Comments

Extras

Top Quizzes Today


Score Distribution

Your Account Isn't Verified!

In order to create a playlist on Sporcle, you need to verify the email address you used during registration. Go to your Sporcle Settings to finish the process.

Report this User

Report this user for behavior that violates our Community Guidelines.

Details: